000 00334nam a2200133Ia 4500
005 20260328104328.0
008 260328s9999||||xx |||||||||||||| ||und||
100 _aWatson, Julia
245 0 _aLo-TEK :
_b Design by Radical Indigenism /
_cJulia Watson
260 _bTaschen
300 _a419 p.
650 _aARQUITECTURA
942 _cBK
999 _c11598
_d11598